00995nam a2200181 a 450000100100000000500170001000800410002704000250006808200150009311001140010824501530022224601580037526001050053330000360063804900090067495201130068399900170079600002778320200930031107.0091209s1994 dr ab 000 0 spa d aDO-SdBNPbspacBNPHU axxxbR426c1 aRepública Dominicana .bSecretariado Técnico de la Presidencia,bOficina Nacional de Estadística91086610aVII censo nacional de población y vivienda 1993 :bresultados preliminares de la población según sexo, edad y vivienda República Dominicana.10aSéptimo censo nacional de población y vivienda 1993 :bresultados preliminares de la población según sexo, edad y vivienda República Dominicana aSanto Domingo :bSecretariado Técnico de la Presidencia, Oficina Nacional de Estadística,c1994. a127 P. ; :bil., map. ;c28 cm. aBNPD 0010718PDaPDbPDcCTd2011-04-04iLF1l0oxxx R426cp27783-10r2020-06-25w2020-06-25yLFPDZNo se presta c27275d27275